Praedicate Evangelium. Una nueva curia para un tiempo nuevo. Una conversación con Fernando Prado.

Spremljeno u:
Bibliografski detalji
Glavni autor: Rodríguez Maradiaga, Oscar Andrés (Cardenal) (autor)
Daljnji autori: Francisco, Papa (prólogo)
Format: Nepoznato
Izdano: Madrid, España: Publicaciones Claretianas, 2022.
Teme:
Oznake: Dodaj oznaku
Bez oznaka, Budi prvi tko označuje ovaj zapis!

MARC

LEADER 00000 a2200000 4500
003 CL-VaPUC
005 20240531122726.0
008 221020t2022 ||||| |||| 00| 0 eng d
999 |c 438843  |d 438841 
020 |a 978-84-7966-761-0 
040 |c Pontificia Universidad Católica de Valparaíso 
082 7 |a 262.9 ROD 2022  |2 22 
100 |a Rodríguez Maradiaga, Oscar Andrés  |9 876806  |e autor  |c (Cardenal) 
245 |a Praedicate Evangelium.  |b Una nueva curia para un tiempo nuevo. Una conversación con Fernando Prado. 
260 |a Madrid, España:  |b Publicaciones Claretianas,  |c 2022. 
300 |a 262 páginas. 
583 |k Cristina María Rojas Aguilar  |c 20221020 
650 |a Curia romana  |x Reforma  |9 877862 
650 0 |a Constitución apostólica  |9 554134 
700 |a Francisco,  |c Papa   |e prólogo  |9 877817 
942 |2 ddc  |c BK 
952 |0 0  |1 0  |2 ddc  |4 0  |6 262_900000000000000_ROD_2022  |7 0  |8 A  |9 587341  |a BIBTEO  |b BIBTEO  |c GEN  |d 2022-10-17  |e 3  |g 20448.00  |i 5654682  |o 262.9 ROD 2022  |p 5654682  |r 2025-01-17  |t 1  |v 20448.00  |w 2022-10-17  |y BK  |k ICR